书目信息 |
| 题名: |
外国抒情歌曲
|
|
| 作者: | 吴瑾 编 | |
| 分册: | ||
| 出版信息: | 北京 中国青年出版社 1997.01 |
|
| 页数: | 415页 | |
| 开本: | 32开 | |
| 丛书名: | ||
| 单 册: | ||
| 中图分类: | ||
| 科图分类: | ||
| 主题词: | 外国音乐--作品 , 音乐--各国--作品 | |
| 电子资源: | ||
| ISBN: | 7-5006-2105-1 | |
| 000 | 00579nam0 2200217 45 | |
| 001 | 9909241641 | |
| 005 | 19990924165018.6 | |
| 010 | @a7-5006-2105-1@d19.50元 | |
| 100 | @a19990924d1997 km y0chiy0120 ea | |
| 101 | @achi | |
| 105 | @a z 000yy | |
| 200 | 1 | @a外国抒情歌曲@AWai Guo Shu Qing Ge Qu@f吴瑾编@FWuJin Bian |
| 210 | @a北京@c中国青年出版社@d1997.01 | |
| 215 | @a415页@d32开 | |
| 606 | 0 | @a外国音乐@x作品 |
| 606 | 0 | @a音乐@y各国@x作品 |
| 690 | @v3 | |
| 690 | @aJ652.4 | |
| 701 | @a吴瑾@4编 | |
| 801 | @aCN@bPFTUser@c19990924 | |
| 905 | @f2@b40990-991@dJ652.4@eW.477 | |
| 外国抒情歌曲/吴瑾编.-北京:中国青年出版社,1997.01 |
| 415页;32开 |
| ISBN 7-5006-2105-1:19.50元 |
| ● |
| 相关链接 |
|
|
|
正题名:外国抒情歌曲
索取号:J652.4/W.477
 
预约/预借
| 序号 | 登录号 | 条形码 | 馆藏地/架位号 | 状态 | 备注 |
| 1 | 40990 | 200409904 | 社科库309/309社科库 94排3列1层/ [索取号:J652.4/W.477] | 在馆 | |
| 2 | 40991 | 200409913 | 社科库309/ [索取号:J652.4/W.477] | 在馆 | |
| 3 | 40992 | 200409922 | 社科库309/ [索取号:J652.4/W.477] | 在馆 | |
| 4 | 40993 | 200409931 | 社科库309/ [索取号:J652.4/W.477] | 在馆 |